000 01077nam a22002897a 4500
001 9897
003 FISKH
005 20260312143505.0
008 260312b cb ||||| |||| 00| 0 eng d
020 _a9780064441803
040 _aFISKH
_beng
_cFISKH
_dFISKH
050 _a PZ7 .B4312 .S
082 _a823.9
100 _aBenchley , Nathaniel
245 _aSmall wolf /
_cby Nathaniel Benchley : Pictures by Joan Sandin
260 _aNew York :
_bHarper Trophy ,
_c1972 .
300 _a64 pages :
_bcolor illustrations ;
_c21 cm .
490 _aAn I Can Read Book
505 _aJ
520 _aShows how Benjamin Franklin, inventor, writer and scientist, created a puzzle called the magic square to keep from being bored while serving as clerk for the Pennsylvania Assembly. Includes step-by-step instructions for creating your own magic squares.
521 8 _a530
_bLexile
521 8 _aJ
_bRAz-Plus
650 _aIdians of North America
_vJuvenile fiction
700 _aSandin , Joan
_eIllustrator
942 _2ddc
_cBK
_n0
999 _c9897
_d9897